| 000 | 00444cam a2200157ua 4500 | ||
|---|---|---|---|
| 003 | OSt | ||
| 008 | 240213b |||||||| |||| 00| 0 eng d | ||
| 020 | _a81-85860-00-9 | ||
| 041 | _aeng | ||
| 082 |
_a621.367 8 _bGOV/RE |
||
| 100 |
_aGovardhan, Veerlapati . _96007 |
||
| 245 | _aRemote sensing and water management in command areas / | ||
| 260 |
_aLucknow : _bInternational book distributing co. , _c1993. |
||
| 300 | _a353 ; . | ||
| 942 | _cBK | ||
| 999 |
_c10452 _d10452 |
||